Statistics for Things that are "Super"

Click here to take the quiz!

General Stats

  • This quiz has been taken 47,519 times
    (9,898 since last reset)
  • The average score is 16 of 20

Answer Stats

Clue Answer % Correct
Stellar explosionSupernova
94%
Former Krypton residentSuperman
94%
Large grocery storeSupermarket
94%
Video game plumberSuper Mario
93%
A mega-celebritySuperstar
92%
American football championshipSuper Bowl
91%
An extremely strong country, such
as the USA or USSR
Superpower
88%
Strong adhesiveSuper Glue
85%
Faster than soundSupersonic
84%
When the one under Yellowstone
goes off, it will cover Denver
in 1 meter of ash
Supervolcano
82%
Pangaea was oneSupercontinent
81%
Bigger than large, at McDonald'sSupersize
79%
ParanormalSupernatural
75%
Irrational beliefSuperstition
71%
BossSupervisor
66%
General term for a word that
ends in "est"
Superlative
65%
The world's most powerful one
cost $1.2 billion and is capable
of 415 petaFLOPS
Supercomputer
63%
Writing that appears like thisSuperscript
57%
Part of the psycheSuperego
53%
ABBA song that is not actually
about a police officer
Super Trouper
51%

Score Distribution

Percentile by Number Answered

Percent of People with Each Score

Your Score History

You have not taken this quiz since the last reset